[Event "Floripa Chess Open 2024"]
[Site "Florianopolis"]
[Date "2024.01.22"]
[Round "4.26"]
[White "Diaz Villagran, Robert"]
[Black "Zacarias, Rodrigo Medeiros"]
[Result "1-0"]
[WhiteElo "2268"]
[BlackElo "2058"]
[PlyCount "123"]
[EventDate "2024.01.20"]
[EventRounds "10"]
[EventCountry "BRA"]

1. e4 c5 2. c3 d5 3. exd5 Qxd5 4. d4 Nf6 5. Nf3 e6 6. Bd3 Nc6 7. O-O Be7 8.
dxc5 Bxc5 ({RR} 8... Qxc5 9. Nbd2 O-O 10. Ne4 Qb6 11. Nxf6+ Bxf6 12. Qc2 g6 13.
Bh6 Bg7 14. Bxg7 Kxg7 15. Rad1 Rd8 16. h4 Bd7 17. Qc1 Ne7 18. h5 f6 19. h6+ Kg8
20. Bc4 Bb5 21. Bxb5 Qxb5 22. c4 Qa6 23. Nd4 {Anton Guijarro,D (2655)-Gukesh,D
(2732) chess24.com INT 2022 1/2-1/2 (65)}) ({RR} 8... e5 9. c4 Qxc5 10. Nc3 Bg4
11. h3 Bh5 12. Be3 Qa5 13. Be2 O-O 14. a3 Rad8 15. Qe1 e4 16. Nd2 Bxe2 17. Qxe2
Qe5 18. f4 exf3 19. Nxf3 Qb8 20. Rfd1 Rfe8 21. Rxd8 Bxd8 22. Qf2 Bc7 23. Bg5 {
Zhapova,Y (2204)-Goltseva,E (2284) Obninsk RUS 2022 0-1 (43)}) 9. Qe2 O-O 10.
Bg5 e5 $146 ({RR} 10... Be7 11. Rd1 Qa5 12. Nbd2 Qc7 13. Nc4 Nd5 14. Bxe7 Qxe7
15. Be4 Nf6 16. Bxc6 bxc6 17. Nfe5 c5 18. Rd6 Bb7 19. Rad1 Bd5 20. f3 h6 21.
Nd7 Rfd8 22. Nxf6+ Qxf6 23. R1xd5 exd5 24. Rxf6 gxf6 25. Ne3 {Paglilla,C (2310)
-Mahia,G (2305) Buenos Aires 1985 1-0}) ({RR} 10... Ng4 11. Nbd2 Nge5 12. Be4
Qd6 13. Bc2 Nxf3+ 14. Nxf3 Qc7 15. Rad1 Re8 16. Qe4 g6 17. Qh4 Be7 18. Bxe7
Qxe7 19. Ng5 f6 20. Ne4 Kg7 21. Ba4 f5 22. Qxe7+ Rxe7 23. Nc5 Ne5 24. Rfe1 Nf7
25. f4 {Bernard,R (2360)-Balogh,B (2280) Warsaw 1978 0-1 (52)}) 11. Bxf6 gxf6
12. Nh4 Ne7 13. Rd1 Qe6 14. Qh5 f5 15. Nd2 e4 16. Qg5+ Kh8 17. Nxe4 fxe4 18.
Qxc5 Qf6 19. Re1 b6 20. Qe3 exd3 21. Qxe7 Qxe7 22. Rxe7 Be6 23. Nf3 Rfe8 24.
Rxe8+ Rxe8 25. Re1 Rd8 26. a3 Bb3 27. Nd2 Bc2 28. f4 a5 29. Kf2 a4 30. g4 Rd5
31. Re5 Rd6 32. h4 f6 33. Re7 Kg8 34. Kg3 h6 35. f5 b5 36. Kf4 Rd5 37. g5 hxg5+
38. hxg5 fxg5+ 39. Kxg5 Kf8 40. Re4 Kf7 41. Kf4 Rd8 42. Rd4 Rh8 43. Nf3 Kf6 44.
Rd6+ Ke7 45. Rd5 Rh1 46. Ke5 Rf1 47. f6+ Ke8 48. Ng5 Rf2 49. f7+ Ke7 50. Kd4 d2
51. Ke3 Rg2 52. Rxd2 Rxd2 53. Kxd2 Bb3 54. Ke3 Bc4 55. Kd4 Bb3 56. Kc5 Bc4 57.
Ne4 Bxf7 58. Nd6 Bb3 59. Nxb5 Kd7 60. c4 Kc8 61. Nc3 Kb7 62. Kb5 1-0

[Event "Floripa Chess Open 2024"]
[Site "Florianopolis"]
[Date "2024.01.22"]
[Round "4.27"]
[White "Coppola, Claudio"]
[Black "Cordero, Daniela"]
[Result "1-0"]
[WhiteElo "2250"]
[BlackElo "2028"]
[PlyCount "41"]
[EventDate "2024.01.20"]
[EventRounds "10"]
[EventCountry "BRA"]

1. b3 d5 2. Bb2 c5 3. e3 Nf6 4. f4 Nc6 5. Bb5 Qb6 6. Bxc6+ ({RR} 6. Qe2 a6 7.
Bxc6+ Qxc6 8. Nf3 Bg4 9. h3 Bxf3 10. Qxf3 e6 11. d3 Be7 12. Nd2 Rc8 13. O-O O-O
14. g4 b5 15. g5 Nd7 16. h4 d4 17. e4 f5 18. Rae1 e5 19. exf5 Rxf5 20. Qxc6
Rxc6 {Paehtz,E (2452)-Dzagnidze,N (2557) Beijing 2013 1/2-1/2 (94)}) 6... Qxc6
7. Nf3 e6 $146 ({RR} 7... Bg4 8. O-O g6 9. d3 Bg7 10. Be5 O-O 11. Nbd2 Rfd8 12.
Qe1 Bxf3 13. Rxf3 Nd7 14. Bxg7 Kxg7 15. Qh4 Qf6 16. Qxf6+ Nxf6 17. f5 e6 18.
fxg6 fxg6 19. Re1 Ng4 20. e4 Ne5 21. Rf2 d4 22. Nc4 {Choleva,Z (2260)-Navara,D
(2100) Czechia 1997 0-1 (38)}) ({RR} 7... Bg4 8. O-O Qb6 9. d3 e6 10. Nbd2 Be7
11. h3 Bxf3 12. Nxf3 O-O-O 13. Qe1 h6 14. Ne5 Rdf8 15. c4 dxc4 16. Nxc4 Qa6 17.
d4 Ne4 18. Qc1 Kb8 19. Qc2 f5 20. dxc5 Rc8 21. Bxg7 Rhg8 22. Be5+ {Sabar,E  
(2040)-Caceres Benitez,A (2006) chess.com INT 2023 1-0 (54)}) ({RR} 7... Bf5 8.
d3 Rd8 9. O-O g6 10. Ne5 Qb6 11. g4 Be6 12. Qe2 h5 13. g5 Ng4 14. Nxf7 Bxf7 15.
Bxh8 c4 16. Bd4 Qa6 17. h3 cxd3 18. cxd3 Be6 19. hxg4 Bxg4 20. Qd2 Bf5 21. Rd1
Bg4 22. Re1 {Gibson,J (1743)-Covey,J (1535) Sunningdale 2014 1-0 (41)}) 8. Ne5
Qc7 9. O-O Be7 10. d3 O-O 11. Nd2 Ne8 12. Qh5 f6 13. Ng4 Bd6 14. Rf3 Qf7 15.
Qh4 h5 16. Ne5 fxe5 17. fxe5 Qe7 18. Rxf8+ Qxf8 19. exd6 Nxd6 20. Rf1 Nf5 21.
Qg5 1-0

[Event "Floripa Chess Open 2024"]
[Site "Florianopolis"]
[Date "2024.01.22"]
[Round "4.28"]
[White "Bauza, Alejandro"]
[Black "Seccafim, Caic Dos Santos"]
[Result "0-1"]
[WhiteElo "2205"]
[BlackElo "1986"]
[PlyCount "104"]
[EventDate "2024.01.20"]
[EventRounds "10"]
[EventCountry "BRA"]

1. Nf3 Nf6 2. g3 g6 3. b3 d6 4. d4 Bg7 5. Bb2 O-O 6. Bg2 Nbd7 7. O-O Re8 8.
Nbd2 e5 9. dxe5 dxe5 10. e4 c6 11. Re1 Qc7 ({RR} 11... b5 12. a4 Bb7 13. c4 Nc5
14. Nxe5 Ng4 15. Qxg4 Qxd2 16. Re2 Qd6 17. f4 Nxb3 18. Rf1 Nd4 19. Ref2 bxa4
20. Nd3 a3 21. e5 Qd8 22. Bxa3 Nc2 23. Bd6 Ne3 24. Qf3 Nxf1 25. Rxf1 Qd7 26.
Nc5 {Aggelis,N (2278)-Mazurkiewicz,M (2163) chess.com INT 2023 1/2-1/2 (58)})
12. Nc4 Bf8 13. a4 b6 14. Ba3 $146 ({RR} 14. Qd2 Ba6 15. Bf1 Bb7 16. Rad1 Rad8
17. Nd6 Bxd6 18. Qxd6 Qxd6 19. Rxd6 Kf8 20. Red1 Ke7 21. Nxe5 Nxe5 22. Bxe5
Nxe4 23. Rxd8 Rxd8 24. Rxd8 Kxd8 25. Bd3 Nc5 26. Bf1 Ke7 27. Bg2 Nd7 28. Bc3
Kd6 {Antonova,N (1863)-Richter,P (2171) chess.com INT 2022 1/2-1/2 (70)}) 14...
Nc5 15. Qc1 Ba6 16. Ncxe5 Rxe5 17. Qf4 Ncd7 18. Bxf8 Rxf8 19. Nxe5 Qxe5 20.
Qxe5 Nxe5 21. f4 Ned7 22. Rad1 Nc5 23. e5 Nd5 24. Bxd5 cxd5 25. Rxd5 Rc8 26.
Red1 Rc7 27. R1d2 Bc8 28. R2d4 Bf5 29. Rc4 Kg7 30. Rc3 Rb7 31. Rdxc5 bxc5 32.
Rxc5 Rd7 33. c4 Rd1+ 34. Kf2 Rb1 35. Rb5 Be6 36. Ke3 a6 37. Rb4 Bd7 38. a5 Ra1
39. Rb7 Be6 40. Kd4 Rxa5 41. c5 Ra1 42. c6 Rc1 43. c7 a5 44. h3 Bxh3 45. Ra7
Be6 46. g4 Bxg4 47. Kd5 Be6+ 48. Kd6 Bxb3 49. Ke7 Be6 50. Kd8 Rc5 51. Ke7 a4
52. Kd6 Rc4 0-1

[Event "Floripa Chess Open 2024"]
[Site "Florianopolis"]
[Date "2024.01.22"]
[Round "4.29"]
[White "Dias, Anderson Tatsch"]
[Black "Terao, Juliana Sayumi"]
[Result "0-1"]
[WhiteElo "2058"]
[BlackElo "2198"]
[PlyCount "108"]
[EventDate "2024.01.20"]
[EventRounds "10"]
[EventCountry "BRA"]

1. d4 Nf6 2. c4 e6 3. Nf3 b6 4. g3 Bb7 5. Bg2 Be7 6. Nc3 O-O 7. Qc2 c5 8. dxc5
bxc5 9. O-O Nc6 10. Rd1 d6 ({RR} 10... d5 11. cxd5 Nb4 12. Qb1 Nbxd5 13. Ng5 h6
14. Nge4 Qc8 15. Nxf6+ Nxf6 16. Qc2 Bxg2 17. Kxg2 Rb8 18. Kg1 Qb7 19. Na4 Nd5
20. b3 Rfc8 21. Bb2 Qa6 22. Be5 Rb7 23. Qc4 Qxc4 24. bxc4 Bf6 25. Bxf6 {
Browne,W (2545)-Balashov,Y (2565) Lone Pine,CA 1977 1/2-1/2 (39)}) ({RR} 10...
Qb6 11. b3 Rfd8 12. Bf4 d6 13. Rac1 Rac8 14. Na4 Qa5 15. Qd2 Qxd2 16. Nxd2 Ba8
17. Kf1 h6 18. Nb1 e5 19. Bd2 Nd4 20. Bxa8 Rxa8 21. e3 Nf3 22. Kg2 Nxd2 23.
Rxd2 Ne4 24. Rdd1 f5 25. Nbc3 {O'Gorman,T (2313)-Buchenau,F (2222) chess.com
INT 2023 1-0 (37)}) 11. Bf4 Qb8 12. Rd2 $146 ({RR} 12. Be3 Rd8 13. h3 h6 14.
Rac1 Qc7 15. Qb1 Rac8 16. Nd2 Na5 17. Bxb7 Qxb7 18. Nce4 Nxe4 19. Nxe4 f5 20.
Nd2 Bf6 21. b3 Nc6 22. Nf3 a5 23. g4 Ne7 24. Bd2 Ra8 25. Bc3 Bxc3 26. Rxc3 a4 {
Spacek,P (2225)-Augustin,J (2405) Ostrava 1976 1/2-1/2 (35)}) 12... h6 13. Qb3
a6 14. h3 Ra7 15. g4 e5 16. Bg3 Bd8 17. Qd1 Nd4 18. e3 Nxf3+ 19. Bxf3 Bxf3 20.
Qxf3 Ba5 21. Rad1 Bxc3 22. bxc3 Ne8 23. Qd5 Qb7 24. Qd3 Qf3 25. Rb1 Nf6 26. Qf5
Qxf5 27. gxf5 Ne4 28. Rd3 Raa8 29. Kg2 Rab8 30. Rdd1 f6 31. Bh4 Kf7 32. f3 Nxc3
33. Rxb8 Rxb8 34. Rxd6 Rb2+ 35. Kg3 Rxa2 36. Rd7+ Kf8 37. Rd3 Ne2+ 38. Kg4 Ng1
39. Kg3 h5 40. Rd8+ Ke7 41. Rg8 Kf7 42. Rc8 Ne2+ 43. Kg2 Nd4+ 44. Bf2 Nxf5 45.
e4 Ne3+ 46. Kg1 Ra1+ 47. Kh2 Ra2 48. Kg1 Nxc4 49. Rxc5 Nd2 50. Rc3 a5 51. Be1
a4 52. Rd3 Nb3 53. Bf2 Rd2 54. Rc3 a3 0-1

[Event "Floripa Chess Open 2024"]
[Site "Florianopolis"]
[Date "2024.01.22"]
[Round "4.30"]
[White "Kayser, Gustavo Warmling"]
[Black "Sega, Carlos Alberto"]
[Result "0-1"]
[WhiteElo "2029"]
[BlackElo "2193"]
[PlyCount "52"]
[EventDate "2024.01.20"]
[EventRounds "10"]
[EventCountry "BRA"]

1. e4 e5 2. Nf3 Nc6 3. Bc4 Bc5 4. c3 Nf6 5. d3 O-O 6. O-O d5 7. exd5 Nxd5 8. a4
a5 9. Nbd2 Nb6 10. Bb5 Bd6 11. Re1 Bg4 12. h3 Bh5 13. Ne4 h6 $146 ({RR} 13...
f5 14. Ng3 Bxf3 15. Qxf3 Qd7 16. Be3 Nc8 17. Bc4+ Kh8 18. Bd2 N8e7 19. Nf1 Ng6
20. Qd5 Rae8 21. Rad1 h6 22. Ba2 Nce7 23. Qb3 c6 24. Nh2 Nd5 25. Qc2 Nh4 26.
Bc1 Qc7 27. Kh1 Qe7 28. Qe2 {Akshit,K (2229)-Rosh,J (2236) Chennai IND 2023 1/
2-1/2 (107)}) ({RR} 13... Na7 14. d4 Nxb5 15. axb5 exd4 16. Nxd6 Bxf3 17. Qxf3
Qxd6 18. Bf4 Qf6 19. Bxc7 Qxf3 20. gxf3 Nd5 21. Bxa5 dxc3 22. bxc3 Rfc8 23.
Red1 Nf4 24. Kh2 h6 25. Bb4 Rxa1 26. Rxa1 Nd5 27. Rd1 Nxb4 28. cxb4 {Kramnik,V
(2812)-Aronian,L (2792) Paris 2016 1/2-1/2 (43)}) ({RR} 13... Na7 14. d4 Nxb5
15. axb5 exd4 16. Nxd6 Qxd6 17. Qxd4 Bxf3 18. Qxd6 cxd6 19. gxf3 a4 20. Re4
Rfe8 21. Rxe8+ Rxe8 22. Be3 Nc4 23. Rxa4 Nxb2 24. Ra7 Rb8 25. Bf4 Nc4 26. Ra4
Rc8 27. Ra7 Rb8 28. Kf1 {Paravyan,D (2612)-Morefield,J (2209) chess.com INT
2024 1-0 (93)}) ({RR} 13... Na7 14. Nxd6 cxd6 15. d4 Nxb5 16. axb5 f6 17. b3
Qc7 18. c4 Rfd8 19. Be3 a4 20. d5 axb3 21. Bxb6 Qxb6 22. Qxb3 Ra5 23. Ra3 Bxf3
24. Qxf3 Rxa3 25. Qxa3 Rc8 26. Rc1 g6 27. h4 {1/2-1/2 (27) Korobov,A (2661)
-Nihal,S (2681) Chartres FRA 2023}) 14. Bxc6 bxc6 15. Ng3 Bg6 16. Nxe5 Bxe5 17.
Rxe5 Bxd3 18. Qg4 Qf6 19. Nh5 Qxe5 20. Bf4 f5 21. Qg3 Qe7 22. Bxh6 f4 23. Qxd3
gxh6 24. Qg6+ Kh8 25. Qxh6+ Qh7 26. Qg5 Rf5 0-1

[Event "Floripa Chess Open 2024"]
[Site "Florianopolis"]
[Date "2024.01.22"]
[Round "4.31"]
[White "Torres, Federico"]
[Black "Caetano, Ryan Wesley Da Cost"]
[Result "0-1"]
[WhiteElo "2002"]
[BlackElo "2184"]
[PlyCount "76"]
[EventDate "2024.01.20"]
[EventRounds "10"]
[EventCountry "BRA"]

1. e4 c5 2. Nf3 d6 3. g3 Nf6 4. d3 Nc6 5. Bg2 g6 6. O-O Bg7 7. Re1 O-O 8. c3 e5
9. Nbd2 h6 10. a4 ({RR} 10. a3 Be6 11. b4 a6 12. Nb3 c4 13. dxc4 Bxc4 14. Nfd2
Be6 15. c4 Nd7 16. Bb2 Rc8 17. Rc1 Nb6 18. Bf1 Nd4 19. Na5 Qd7 20. Bxd4 exd4
21. Ndb3 Na4 22. Nxd4 b6 23. Nxe6 fxe6 24. Nb3 Qf7 {Sutovsky,E (2656)
-Dominguez Perez,L (2594) Saint Vincent 2002 1-0 (36)}) 10... Be6 11. Rb1 ({RR
} 11. Nc4 Re8 12. a5 Rb8 13. Qa4 Qc7 14. Nfd2 d5 15. exd5 Nxd5 16. Ne4 b5 17.
axb6 axb6 18. Ned6 Red8 19. Nb5 Qd7 20. Qa6 Kh7 21. Be3 Nde7 22. Nxb6 Qxd3 23.
Bxc5 Qc2 24. Nc7 Bf5 25. Qa4 Qxa4 {Osinovsky,S (2241)-Quintiliano Pinto,R  
(2515) chess.com INT 2023 1/2-1/2 (69)}) 11... Qc7 $146 ({RR} 11... d5 12. exd5
Nxd5 13. Nc4 f6 14. Ra1 Bf7 15. Qc2 Re8 16. a5 Qc7 17. Nfd2 f5 18. Qa4 Rab8 19.
Qb5 b6 20. a6 Qd7 21. Na3 Rbd8 22. Qa4 Nde7 23. Ndc4 Qxd3 24. Bxh6 Bxh6 25.
Rad1 b5 26. Qxb5 {Bhat,V (2235)-Kovchan,A (2270) Cannes 1997 0-1}) 12. b3 Rfd8
13. Ba3 a6 14. Rc1 Qb8 15. b4 Qa7 16. Nb3 c4 17. dxc4 Bxc4 18. Nfd2 Be6 19. c4
Ng4 20. Rf1 h5 21. h3 Nf6 22. Kh2 h4 23. Nf3 hxg3+ 24. fxg3 Bh6 25. Nbd2 Nh5
26. Nh4 Qe3 27. Qf3 Qxd2 28. Nf5 Bxf5 29. exf5 Qg5 30. Rcd1 e4 31. Qg4 Qxg4 32.
hxg4 Nf6 33. fxg6 Nxg4+ 34. Kh3 Nge5 35. gxf7+ Nxf7 36. Bxe4 Ng5+ 37. Kh4 Nxe4
38. Rde1 Re8 0-1

[Event "Floripa Chess Open 2024"]
[Site "Florianopolis"]
[Date "2024.01.22"]
[Round "4.32"]
[White "Kim, Thiago"]
[Black "Federzoni, Enzo"]
[Result "1/2-1/2"]
[WhiteElo "1944"]
[BlackElo "2170"]
[PlyCount "84"]
[EventDate "2024.01.20"]
[EventRounds "10"]
[EventCountry "BRA"]

1. e4 c5 2. Nf3 d6 3. d4 cxd4 4. Nxd4 Nf6 5. Nc3 a6 6. f3 e5 7. Nb3 Be6 8. Be3
h5 9. Nd5 Bxd5 10. exd5 Nbd7 11. Qd2 Be7 12. O-O-O Qc7 13. Kb1 Nb6 14. Qa5 Rc8
15. c3 Bd8 16. g3 $146 ({RR} 16. Bxb6 Qxb6 17. Qa4+ Kf8 18. g3 Rc7 19. Bh3 h4
20. f4 Re7 21. Bf5 e4 22. Bh3 hxg3 23. hxg3 Qf2 24. Qb4 e3 25. Bg4 Rxh1 26.
Rxh1 Kg8 27. Qxd6 e2 28. Bxe2 Qxe2 29. Rc1 Qe4+ 30. Ka1 Qxd5 {Dai,C (2464)
-Jakovenko,D (2735) China CHN 2018 0-1 (32)}) ({RR} 16. Bxb6 Qxb6 17. Qa4+ Kf8
18. g3 g6 19. f4 exf4 20. gxf4 Rc7 21. h4 Ng4 22. Re1 Re7 23. Be2 Qf2 24. Nc1
Qg2 25. f5 gxf5 26. Bd3 Rxe1 27. Rxe1 Bxh4 28. Re8+ Kg7 29. Rxh8 Kxh8 30. Bxf5
Bg5 {Yuffa,D (2583)-Sakaev,K (2596) Sochi RUS 2020 0-1 (50)}) 16... Nbxd5 17.
Rxd5 Qd7 18. Rxe5+ dxe5 19. Qxe5+ Be7 20. Bd4 O-O 21. Bd3 Qd6 22. Qxd6 Bxd6 23.
Bxf6 gxf6 24. Nd4 Rcd8 25. Nf5 Rfe8 26. Be4 b5 27. g4 hxg4 28. Rg1 g3 29. hxg3
Bf8 30. Kc2 Rd7 31. g4 Red8 32. g5 Rd2+ 33. Kc1 Bc5 34. Rg4 Rd1+ 35. Kc2 R8d2+
36. Kb3 fxg5 37. Rxg5+ Kf8 38. Rh5 Rg1 39. Rh8+ Rg8 40. Rh6 Rgg2 41. Rh8+ Rg8
42. Rh6 Rgg2 1/2-1/2

[Event "Floripa Chess Open 2024"]
[Site "Florianopolis"]
[Date "2024.01.22"]
[Round "4.33"]
[White "Eger, Laura Luisa"]
[Black "De Oliveira, Gustavo Alfredo Bue"]
[Result "0-1"]
[WhiteElo "1848"]
[BlackElo "2147"]
[PlyCount "62"]
[EventDate "2024.01.20"]
[EventRounds "10"]
[EventCountry "BRA"]

1. e4 c6 2. d4 d5 3. exd5 cxd5 4. Bd3 Nf6 5. c3 Nc6 6. Bf4 g6 7. Nf3 Bg4 8.
Nbd2 Bg7 9. O-O O-O 10. Re1 Nh5 ({RR} 10... Nd7 11. h3 Bxf3 12. Nxf3 e6 13. Qb3
Qb6 14. Qxb6 Nxb6 15. a3 Rac8 16. Nd2 Rfd8 17. Bg5 Re8 18. Bf4 Na5 19. h4 Na4
20. Rab1 a6 21. Bc2 b5 22. Bd3 Nc4 23. Nxc4 bxc4 24. Bc2 Nb6 25. b3 {
Abdusattorov,N (2627)-Naroditsky,D (2621) chess.com INT 2020 0-1 (47)}) ({RR} 
10... e6 11. h3 Bxf3 12. Nxf3 Nd7 13. Qe2 h6 14. Qd2 Kh7 15. h4 h5 16. Ng5+ Kg8
17. Qc2 Qf6 18. Bd6 Rfe8 19. Re3 e5 20. dxe5 Ndxe5 21. Bxe5 Nxe5 22. Rae1 Qc6
23. Be2 Nc4 24. Bxc4 dxc4 25. Re4 {Kobalia,M (2577)-Enkhtuul,A (2264) chess.
com INT 2023 1/2-1/2 (77)}) 11. Be3 f5 $146 ({RR} 11... Rc8 12. h3 Bxf3 13.
Nxf3 a6 14. Qd2 Re8 15. Re2 b5 16. Rae1 Na5 17. g4 Nf6 18. Bf4 Nc4 19. Qd1 e6
20. Ne5 Nd6 21. f3 a5 22. a3 b4 23. axb4 axb4 24. Qb3 bxc3 25. bxc3 Re7 26. Rb2
{Neuer,T (1998)-Meyer,R (2048) Ruhrgebiet 2004 1/2-1/2 (41)}) 12. h3 Bxh3 13.
Ng5 f4 14. Nxh3 fxe3 15. Rxe3 e5 16. dxe5 Nxe5 17. Be2 Nf4 18. Nxf4 Rxf4 19.
Nf3 Ng4 20. Rd3 Qb6 21. Qe1 Re8 22. Rxd5 Rfe4 23. Rd2 Bh6 24. Nd4 Bxd2 25. Bc4+
Kg7 26. Qxd2 Qc7 27. g3 Qxc4 28. f3 Rxd4 29. cxd4 Nf6 30. Kf2 Rd8 31. Rd1 Qxa2
0-1

[Event "Floripa Chess Open 2024"]
[Site "Florianopolis"]
[Date "2024.01.22"]
[Round "4.34"]
[White "Ribeiro, Matheus Mendes Domi"]
[Black "Dornelles, Marcio Neron Camarg"]
[Result "1-0"]
[WhiteElo "2130"]
[BlackElo "1983"]
[PlyCount "51"]
[EventDate "2024.01.20"]
[EventRounds "10"]
[EventCountry "BRA"]

1. c4 c5 2. Nf3 Nc6 3. Nc3 g6 4. e3 Bg7 5. d4 cxd4 6. exd4 d6 7. Be2 Nf6 8. O-O
O-O 9. d5 Nb8 10. Nd4 Nbd7 11. Be3 ({RR} 11. h3 Ne5 12. Be3 a6 13. Rc1 Qa5 14.
Rb1 Qc7 15. Qb3 Nfd7 16. f4 Nc5 17. Qc2 b6 18. b4 Ncd7 19. fxe5 Nxe5 20. Rbc1
Nxc4 21. Bxc4 Qxc4 22. Nc6 Qh4 23. Bf2 Qg5 24. Ne4 Qh5 25. Nxe7+ Kh8 {Vila
Dupla,A (2030)-Marin Masis,J (1938) chess.com INT 2023 1-0}) 11... Nc5 12. b4
Nce4 13. Nxe4 $146 ({RR} 13. Nb1 Nd7 14. f3 Nef6 15. Nc3 Nb6 16. Qb3 e6 17.
dxe6 fxe6 18. Rfd1 Qe7 19. Ndb5 d5 20. Bc5 Qd8 21. Bxf8 Qxf8 22. c5 Nc4 23.
Bxc4 dxc4 24. Qxc4 Nd5 25. Nxd5 Bxa1 26. Ndc7 {1-0 (26) Kukovec,B (2133)
-Cetina,K (1966) Slovenia 2002}) ({RR} 13. Nb1 Ne8 14. f3 N4f6 15. Nc3 e5 16.
dxe6 Bxe6 17. Qb3 Nc7 18. Nxe6 Nxe6 19. Rad1 Qe7 20. Rfe1 Nc5 21. Bxc5 dxc5 22.
Bf1 Qc7 23. Nb5 Qc6 24. Rd6 Qc8 25. Re7 cxb4 26. Qxb4 Ne8 27. Rd5 a6 {Cornette,
M (2566)-Goossens,H (2092) Cappelle-la-Grande 2014 0-1 (40)}) 13... Nxe4 14.
Bf3 Nf6 15. Rc1 a5 16. a3 axb4 17. axb4 Bd7 18. h3 Ra4 19. Nc6 Bxc6 20. dxc6
Rxb4 21. Qd2 Ra4 22. cxb7 Nd7 23. Bc6 Ra6 24. Bb5 Ra3 25. Bxd7 Qxd7 26. Qb4 1-0

[Event "Floripa Chess Open 2024"]
[Site "Florianopolis"]
[Date "2024.01.22"]
[Round "4.35"]
[White "De Carvalho, Vitor Augusto Ponci"]
[Black "Cantarino Neto, Mario Ribeiro"]
[Result "1-0"]
[WhiteElo "2124"]
[BlackElo "1944"]
[PlyCount "107"]
[EventDate "2024.01.20"]
[EventRounds "10"]
[EventCountry "BRA"]

1. e4 e5 2. d4 exd4 3. Qxd4 Nc6 4. Qd3 Nf6 5. Nc3 Bb4 6. Bd2 O-O 7. O-O-O Re8
8. Nge2 d6 9. Bg5 h6 10. Bxf6 Qxf6 11. Nd5 Qd8 12. Nxb4 Nxb4 13. Qd2 a5 14. a3
({RR} 14. Nc3 Be6 15. Kb1 Qf6 16. f3 Rad8 17. a3 Nc6 18. Bb5 Rf8 19. h4 Ne5 20.
Be2 c6 21. f4 Nc4 22. Bxc4 Bxc4 23. g4 Qe7 24. g5 h5 25. f5 b5 26. f6 Qe5 27.
fxg7 Kxg7 28. Ne2 b4 {Kislinsky,A (2356)-Caruana,F (2766) chess.com INT 2023
1-0 (60)}) 14... Nc6 15. Nc3 Be6 16. Bb5 Re7 $146 ({RR} 16... Qf6 17. f4 Bd7
18. Rde1 Qd8 19. g4 Ne7 20. Bc4 b5 21. Bxb5 Bxb5 22. Nxb5 Qd7 23. a4 Ng6 24.
Rhg1 Qc6 25. Qc3 Qxc3 26. bxc3 Nxf4 27. Nxc7 Rac8 28. Nxe8 Rxe8 29. Rgf1 Ne6
30. e5 d5 31. Rd1 {Skvortsov,A (2313)-Costachi,M (2476) chess.com INT 2023 1-0
(76)}) 17. f4 f6 18. Nd5 Bxd5 19. exd5 Nb8 20. Rhe1 Rxe1 21. Qxe1 Na6 22. Qe6+
Kh8 23. Re1 Nc5 24. Qf7 Qg8 25. Re7 Qxf7 26. Rxf7 Rc8 27. Bd7 Nxd7 28. Rxd7 Kg8
29. Kd2 Kf8 30. Kd3 f5 31. h4 h5 32. g3 b5 33. Kd2 Kg8 34. Kd3 Kf8 35. c3 a4
36. Kc2 Re8 37. Kd2 Rc8 38. Kd3 Kg8 39. c4 bxc4+ 40. Kxc4 Rb8 41. Rxc7 Rxb2 42.
Ra7 Rb3 43. Rxa4 Rxg3 44. Ra8+ Kf7 45. Kb5 Rc3 46. a4 Rc5+ 47. Kb6 Rxd5 48. a5
Rd1 49. a6 Rb1+ 50. Kc6 Rd1 51. Rb8 Ra1 52. Rb6 g5 53. fxg5 f4 54. Kb7 1-0

[Event "Floripa Chess Open 2024"]
[Site "Florianopolis"]
[Date "2024.01.22"]
[Round "4.36"]
[White "Uczai, Joao Pedro Filimber"]
[Black "Dias, Clara"]
[Result "1/2-1/2"]
[WhiteElo "2122"]
[BlackElo "1717"]
[PlyCount "94"]
[EventDate "2024.01.20"]
[EventRounds "10"]
[EventCountry "BRA"]

1. e4 c5 2. b3 Nc6 3. Bb2 e5 4. f4 exf4 5. Qf3 ({RR} 5. Nf3 d5 6. exd5 Qxd5 7.
Bc4 Qe4+ 8. Kf2 Be6 9. Ng5 Qg6 10. Nxe6 fxe6 11. Bxe6 Bd6 12. Re1 Nge7 13. Na3
Nd8 14. Bc4 f3 15. gxf3 Bxh2 16. Be5 Qh5 17. Qe2 Ndc6 18. f4 Qh4+ 19. Kg2 Bxf4
{Inarkiev,E (2660)-Donchenko,A (2577) Berlin 2015 1-0 (42)}) 5... d5 ({RR} 5...
Qh4+ 6. g3 fxg3 7. hxg3 Qe7 8. Bc4 Nf6 9. Bxf6 Qxf6 10. Qxf6 gxf6 11. Nc3 Ne7
12. Nge2 Bg7 13. Nf4 f5 14. O-O-O Bxc3 15. dxc3 fxe4 16. Rd6 Nf5 17. Rf6 Nxg3
18. Bxf7+ Kd8 19. Rg1 d5 20. Rxg3 {Reprintsev,A (2234)-Diaz Garcia,L (2000)
chess.com INT 2024 1-0 (32)}) 6. exd5 Nd4 $146 ({RR} 6... Nb4 7. Bb5+ Bd7 8.
Qe4+ Qe7 9. Bxd7+ Kxd7 10. Qxe7+ Nxe7 11. d6 Nf5 12. Kd1 Bxd6 13. a3 Nd5 14.
Nh3 Rhg8 15. Ng5 f6 16. Ne4 Rae8 17. Nxd6 Kxd6 18. c4 Nc7 19. b4 b6 20. Rf1 Nh4
21. Rf2 {Weteschnik,M (2085)-Wege,J Wiesbaden 1993 1/2-1/2 (54)}) ({RR} 6...
Nb4 7. Na3 Nf6 8. c4 Bd6 9. O-O-O O-O 10. Be2 Bf5 11. d3 Nxa2+ 12. Kb1 Nb4 13.
Nh3 Re8 14. Rhe1 Re3 15. Qf2 Bxd3+ 16. Bxd3 Nxd3 17. Rxd3 Rxd3 18. Nxf4 Rxb3
19. Ka2 Rb4 20. Nd3 Ra4 21. Kb3 {Reprintsev,A (2350)-Xie,L (1977) chess.com
INT 2022 1-0 (39)}) 7. Bxd4 cxd4 8. Qxf4 Qxd5 9. Nf3 Bc5 10. Bc4 Qf5 11. Qxf5
Bxf5 12. d3 Nf6 13. O-O O-O 14. Ne5 Be6 15. Nd2 Bxc4 16. bxc4 Rfe8 17. Nef3 Bb4
18. Rab1 Bxd2 19. Nxd2 b6 20. h3 Re2 21. Rf2 Rae8 22. Nf3 Rxf2 23. Kxf2 Rd8 24.
Rb5 g6 25. a4 Ne8 26. Rd5 Rxd5 27. cxd5 Nc7 28. d6 Ne6 29. d7 Kf8 30. Nxd4 Ke7
31. Nc6+ Kxd7 32. Nxa7 Nc5 33. Ke3 Nxa4 34. Nb5 Nc5 35. d4 Ne6 36. c4 h5 37.
Nc3 h4 38. Nd5 Kc6 39. Nf6 Ng7 40. Kd3 Nf5 41. d5+ Kd6 42. Ne4+ Kd7 43. Ng5 Ke7
44. Nf3 Kd6 45. Nd4 Nxd4 46. Kxd4 f5 47. Ke3 g5 1/2-1/2

[Event "Floripa Chess Open 2024"]
[Site "Florianopolis"]
[Date "2024.01.22"]
[Round "4.37"]
[White "Haldorsen, Benjamin"]
[Black "Dos Santos, Guilherme Fortes"]
[Result "1-0"]
[WhiteElo "2427"]
[BlackElo "1707"]
[PlyCount "51"]
[EventDate "2024.01.20"]
[EventRounds "10"]
[EventCountry "BRA"]

1. e4 e5 2. Nf3 Nf6 3. d4 Nxe4 4. Bd3 d5 5. Nxe5 Bd6 6. Nc3 Nxc3 7. bxc3 O-O ({
RR} 7... Nd7 8. O-O Nxe5 9. dxe5 Be7 10. f4 c5 11. f5 c4 12. Be2 Bc5+ 13. Kh1
O-O 14. Bg4 d4 15. Qf3 d3 16. Rd1 Bd7 17. cxd3 Ba4 18. d4 Bxd1 19. Qxd1 Re8 20.
Bf4 Ba3 21. Rb1 Qa5 22. Qf3 {Vaibhav,S (2595)-Stremavicius,T (2541) Stavanger
NOR 2023 1-0 (43)}) 8. Qh5 g6 9. Qh6 Qf6 $146 ({RR} 9... Nd7 10. f4 Re8 11. O-O
Bf8 12. Qg5 Qxg5 13. fxg5 Nxe5 14. dxe5 Bg7 15. Bf4 Bd7 16. Rae1 Re6 17. Re2
Rae8 18. Rfe1 a6 19. Kf2 Bb5 20. h4 Rc6 21. Bd2 Rce6 22. Bf4 c5 23. Bxb5 axb5
24. Rd2 {Reprintsev,A (2225)-Paravyan,D (2597) chess.com INT 2023 0-1}) 10. Bg5
Qg7 11. Qh4 Bxe5 12. dxe5 Qxe5+ 13. Kd2 f6 14. Bh6 Rd8 15. Rhe1 Qd6 16. Bf4 Qf8
17. Bxc7 Rd7 18. Bxb8 Rxb8 19. Qd4 b5 20. Rab1 a6 21. a4 Qh6+ 22. Re3 Kf7 23.
axb5 Qxh2 24. Rbe1 Qc7 25. Re6 Rd6 26. Qxf6+ 1-0